[Event "Tbilisi WGP 2024"]
[Site "Tbilisi GEO"]
[Date "2024.08.19"]
[Round "5.3"]
[White "Tsolakidou, Stavroula"]
[Black "Kashlinskaya, Alina"]
[Result "1/2-1/2"]
[WhiteTitle "IM"]
[BlackTitle "IM"]
[WhiteElo "2429"]
[BlackElo "2474"]
[WhiteFideId "4264312"]
[BlackFideId "4198026"]
[EventDate "2024.08.15"]

1. e4 e5 2. Nf3 Nc6 3. Bb5 a6 4. Ba4 Nf6 5. O-O Be7 6. Re1 b5 7. Bb3 O-O 8. c3
Na5 9. Bc2 d5 10. d4 dxe4 11. Nxe5 c5 12. Nd2 cxd4 13. Nxe4 dxc3 14. Qe2 Bb7 15.
Nxc3 b4 16. Ne4 Qd5 17. Bg5 Nxe4 18. Bxe4 Qxe4 19. Qxe4 Bxe4 20. Bxe7 Rfe8 21.
Bxb4 Rxe5 22. f3 Bg6 23. Rxe5 Nc6 24. Rc5 Nxb4 25. Rac1 Kf8 26. Rc8+ Rxc8 27.
Rxc8+ Ke7 28. a3 Nd5 29. Kf2 Bd3 30. b3 g5 31. Kg3 f5 32. h4 f4+ 33. Kg4 gxh4
34. Kxh4 Ne3 35. g4 Be2 36. Rh8 Bxf3 37. Rxh7+ Ke6 38. Rh6+ Ke5 39. Rxa6 Bxg4
40. Ra8 Be2 41. Re8+ Kd4 42. Kh3 Bf1+ 43. Kh2 Ng4+ 44. Kg1 Bd3 45. Kg2 Be4+ 46.
Kh3 Nf2+ 47. Kh2 Ke3 48. a4 f3 49. a5 Nd3 50. Rxe4+ Kxe4 51. a6 f2 52. a7 f1=Q
53. a8=Q+ Ke3 54. Qg2 Qxg2+ 1/2-1/2

[Event "Tbilisi WGP 2024"]
[Site "Tbilisi GEO"]
[Date "2024.08.19"]
[Round "5.4"]
[White "Vaishali, Rameshbabu"]
[Black "Muzychuk, Mariya"]
[Result "0-1"]
[WhiteTitle "GM"]
[BlackTitle "GM"]
[WhiteElo "2506"]
[BlackElo "2508"]
[WhiteFideId "5091756"]
[BlackFideId "14114550"]
[EventDate "2024.08.15"]

1. e4 e5 2. Nf3 Nc6 3. Bc4 Bc5 4. d3 Nf6 5. Bg5 h6 6. Bh4 g5 7. Bg3 d6 8. c3 a6
9. Nbd2 Ba7 10. a4 Qe7 11. O-O Nh7 12. b4 Nf8 13. b5 Na5 14. Bd5 Bb6 15. d4 Ng6
16. h3 h5 17. Kh1 g4 18. Ng1 exd4 19. Qc2 Rg8 20. f4 gxh3 21. gxh3 Nf8 22. Bh2
Be6 23. bxa6 c6 24. axb7 Qxb7 25. Bxe6 fxe6 26. cxd4 Bxd4 27. Rab1 Qg7 28. Ndf3
Bc5 29. Ng5 e5 30. h4 Ng6 31. Ne6 Qe7 32. f5 Bxg1 33. Rxg1 Kd7 34. Rb4 Qxh4 35.
Rgb1 Ne7 36. Rb7+ Nxb7 37. Rxb7+ Ke8 38. Rb1 Kf7 39. Rf1 Qg4 40. Rf2 Rab8 41.
Qd3 Rb4 0-1

[Event "Tbilisi WGP 2024"]
[Site "Tbilisi GEO"]
[Date "2024.08.19"]
[Round "5.5"]
[White "Khademalsharieh, Sarasadat"]
[Black "Javakhishvili, Lela"]
[Result "1-0"]
[WhiteTitle "IM"]
[BlackTitle "IM"]
[WhiteElo "2489"]
[BlackElo "2451"]
[WhiteFideId "12512214"]
[BlackFideId "13601458"]
[EventDate "2024.08.15"]

1. d4 Nf6 2. c4 e6 3. Nc3 d5 4. cxd5 exd5 5. Bg5 Be7 6. e3 O-O 7. Bd3 h6 8. Bf4
c5 9. dxc5 Bxc5 10. Nge2 Nc6 11. O-O a6 12. Rc1 Ba7 13. Qd2 Be6 14. Bb1 Qe7 15.
Nd4 Nxd4 16. exd4 Rfd8 17. Qd3 Bb8 18. Be5 g6 19. Rfe1 Ng4 20. Bxb8 Raxb8 21.
Qg3 Nf6 22. Bxg6 fxg6 23. Qxg6+ Kf8 24. f4 Rd6 25. f5 Bxf5 26. Qxf5 Qd7 27. Qf4
Kg7 28. Re5 Rf8 29. Rf5 Re6 30. Qg3+ Kh8 31. Qf3 Kg7 32. Rf1 Rd6 33. Qg3+ Kh7
34. Qd3 Kg7 35. Ne2 Re8 36. Qg3+ Kf7 37. Qf4 Ree6 38. Qxh6 Qa4 39. Qh7+ Ke8 40.
Qg6+ Kd7 41. Rxf6 Rxf6 42. Rxf6 1-0

[Event "Tbilisi WGP 2024"]
[Site "Tbilisi GEO"]
[Date "2024.08.21"]
[Round "6.1"]
[White "Kosteniuk, Alexandra"]
[Black "Javakhishvili, Lela"]
[Result "1/2-1/2"]
[WhiteTitle "GM"]
[BlackTitle "IM"]
[WhiteElo "2488"]
[BlackElo "2451"]
[WhiteFideId "4128125"]
[BlackFideId "13601458"]
[EventDate "2024.08.15"]

1. e4 e5 2. Nf3 Nc6 3. Bb5 Nf6 4. d3 Bc5 5. Bxc6 dxc6 6. Nbd2 Qe7 7. Nc4 Nd7 8.
Bd2 b6 9. a4 a5 10. b3 f6 11. Nh4 Nf8 12. Nf5 Qf7 13. O-O Be6 14. Be3 Bxc4 15.
Bxc5 Be6 16. Be3 Ng6 17. Qh5 O-O 18. Ng3 Qd7 19. h3 Bf7 20. Qg4 Be6 21. Qh5 Bf7
22. Qd1 Be6 23. Qh5 Bf7 24. Qg4 Be6 1/2-1/2

[Event "Tbilisi WGP 2024"]
[Site "Tbilisi GEO"]
[Date "2024.08.21"]
[Round "6.2"]
[White "Muzychuk, Mariya"]
[Black "Khademalsharieh, Sarasadat"]
[Result "1/2-1/2"]
[WhiteTitle "GM"]
[BlackTitle "IM"]
[WhiteElo "2508"]
[BlackElo "2489"]
[WhiteFideId "14114550"]
[BlackFideId "12512214"]
[EventDate "2024.08.15"]

1. e4 e5 2. Nf3 Nc6 3. Bb5 a6 4. Ba4 Nf6 5. O-O Be7 6. Re1 b5 7. Bb3 d6 8. a4 b4
9. d4 Bg4 10. c3 bxc3 11. bxc3 O-O 12. Be3 d5 13. exd5 exd4 14. dxc6 dxe3 15.
Rxe3 Bc5 16. Re1 Qb8 17. Nbd2 Qb6 18. Qe2 Rae8 19. Qf1 Bxf3 20. gxf3 Rd8 21. a5
Qxc6 22. Ne4 Nxe4 23. fxe4 Rd2 24. Re2 Qg6+ 25. Kh1 Rd3 26. Qg2 Qh5 27. Rg1 g6
28. Qg4 Qxg4 29. Rxg4 Rxc3 30. Rg3 Rc1+ 31. Rg1 Rxg1+ 32. Kxg1 Bb4 33. Bc4 Bxa5
34. Bxa6 g5 35. e5 Bb6 36. Bc4 Kg7 37. e6 fxe6 38. Bxe6 Rf4 39. Kg2 Bd4 40. Bd5
c5 41. Re7+ Kg6 42. Re6+ Kf5 43. f3 h5 44. Rh6 h4 45. Re6 Be5 46. Rc6 Rd4 47.
Be4+ Kf4 48. Rxc5 g4 49. Rc2 h3+ 50. Kf2 Rd1 51. Bc6 gxf3 52. Bxf3 Bd4+ 53. Ke2
Ra1 54. Bb7 Rg1 55. Bc8 1/2-1/2

[Event "Tbilisi WGP 2024"]
[Site "Tbilisi GEO"]
[Date "2024.08.21"]
[Round "6.3"]
[White "Kashlinskaya, Alina"]
[Black "Vaishali, Rameshbabu"]
[Result "1-0"]
[WhiteTitle "IM"]
[BlackTitle "GM"]
[WhiteElo "2474"]
[BlackElo "2506"]
[WhiteFideId "4198026"]
[BlackFideId "5091756"]
[EventDate "2024.08.15"]

1. d4 Nf6 2. c4 g6 3. Nc3 Bg7 4. e4 d6 5. Be2 O-O 6. Be3 c5 7. d5 e6 8. Nf3 exd5
9. cxd5 b5 10. e5 dxe5 11. Bxc5 Re8 12. Bxb5 Nbd7 13. Ba3 e4 14. Nd4 Ng4 15.
Qxg4 Bxd4 16. O-O f5 17. Qd1 Be5 18. d6 Rb8 19. h3 Kh8 20. Qa4 a6 21. Bc6 Nb6
22. Qc2 Bd7 23. Nd5 Nxd5 24. Bxd5 Rc8 25. Qd2 g5 26. Rac1 g4 27. Rxc8 Bxc8 28.
Bf7 Rf8 29. Qd5 Bg7 30. d7 Bb7 31. Qxf5 gxh3 32. Bxf8 Qxf8 33. Qg5 1-0

[Event "Tbilisi WGP 2024"]
[Site "Tbilisi GEO"]
[Date "2024.08.21"]
[Round "6.4"]
[White "Muzychuk, Anna"]
[Black "Tsolakidou, Stavroula"]
[Result "1/2-1/2"]
[WhiteTitle "GM"]
[BlackTitle "IM"]
[WhiteElo "2525"]
[BlackElo "2429"]
[WhiteFideId "14111330"]
[BlackFideId "4264312"]
[EventDate "2024.08.15"]

1. e4 c5 2. Nf3 Nc6 3. Bb5 e6 4. O-O Nge7 5. d4 cxd4 6. Nxd4 Ng6 7. Be3 Be7 8.
c3 O-O 9. a4 Bg5 10. Nc2 Bxe3 11. Nxe3 d6 12. Re1 Qc7 13. Na3 Rd8 14. Bf1 b6 15.
g3 Bb7 16. Bg2 a6 17. Qe2 Nce7 18. Rad1 Ne5 19. Nac4 Rac8 20. Nxe5 dxe5 21.
Rxd8+ Rxd8 22. Rd1 Nc6 23. Nc4 h6 24. Rxd8+ Qxd8 25. b4 Qc7 26. Qd3 Nb8 27. Qd6
Qxd6 28. Nxd6 Bc6 29. Nc8 Bxa4 30. Nxb6 Bb5 31. Bf1 Bc6 32. f3 Kf8 33. Nc4 f6
34. Na5 Be8 35. Kf2 Ke7 36. Ke3 Bd7 37. Kd2 Kd6 38. Be2 Kc7 39. Kc2 Ba4+ 40. Kb2
Bd7 41. Nb3 Kd6 42. Nc5 Bb5 43. Bd1 Nd7 44. Nxd7 Kxd7 45. Kc2 Kc7 46. Kd2 Kb6
47. Be2 Bd7 48. c4 Kc7 49. Kc3 g5 50. h4 Be8 51. Bd1 Kb7 52. hxg5 fxg5 53. Kd3
Kb6 54. Ke3 a5 55. c5+ Kb5 56. bxa5 Kxa5 57. Bb3 1/2-1/2

[Event "Tbilisi WGP 2024"]
[Site "Tbilisi GEO"]
[Date "2024.08.21"]
[Round "6.5"]
[White "Dzagnidze, Nana"]
[Black "Assaubayeva, Bibisara"]
[Result "1/2-1/2"]
[WhiteTitle "GM"]
[BlackTitle "IM"]
[WhiteElo "2506"]
[BlackElo "2470"]
[WhiteFideId "13601903"]
[BlackFideId "13708694"]
[EventDate "2024.08.15"]

1. d4 Nf6 2. c4 g6 3. Nc3 Bg7 4. Nf3 O-O 5. Bg5 d6 6. e3 Nbd7 7. Be2 b6 8. O-O
Bb7 9. Qc2 a6 10. Rfd1 e6 11. h3 h6 12. Bh4 g5 13. Bg3 Qe7 14. Rab1 Kh8 15. b4
Rg8 16. c5 Nh5 17. Bh2 f5 18. d5 bxc5 19. bxc5 Nxc5 20. Nd4 Nf6 21. dxe6 Nfe4
22. Rxb7 Nxc3 23. Qxc3 Nxb7 24. Bf3 Raf8 25. Bxb7 c5 26. Nxf5 Rxf5 27. Qc2 Qxe6
28. Rxd6 Qf7 29. Bxa6 Rf8 30. Bg3 Qe7 31. Qd1 R5f6 32. Be2 Qf7 33. Rd7 Qxa2 34.
Rc7 Qa5 35. Qd7 R6f7 36. Qxf7 Rxf7 37. Rxf7 Qe1+ 38. Bf1 c4 39. Rc7 c3 40. Rc8+
Kh7 41. Rc7 Kg6 42. Rc6+ Kh7 43. Rc7 Kg6 1/2-1/2

[Event "Tbilisi WGP 2024"]
[Site "Tbilisi GEO"]
[Date "2024.08.22"]
[Round "7.1"]
[White "Assaubayeva, Bibisara"]
[Black "Kosteniuk, Alexandra"]
[Result "1-0"]
[WhiteTitle "IM"]
[BlackTitle "GM"]
[WhiteElo "2470"]
[BlackElo "2488"]
[WhiteFideId "13708694"]
[BlackFideId "4128125"]
[EventDate "2024.08.15"]

1. d4 Nf6 2. c4 e6 3. g3 d5 4. Bg2 Be7 5. Nf3 O-O 6. O-O c6 7. Qc2 b6 8. Rd1 Ba6
9. b3 Nbd7 10. Bb2 Rc8 11. Nbd2 c5 12. Rac1 cxd4 13. Nxd4 b5 14. Qb1 bxc4 15.
bxc4 Nc5 16. cxd5 Nxd5 17. N2b3 Na4 18. Rxc8 Qxc8 19. Bxd5 Nxb2 20. Rc1 Qd8 21.
Be4 Ba3 22. Nc2 Nc4 23. Rd1 Qf6 24. Bxh7+ Kh8 25. Nxa3 Nxa3 26. Qc1 Bxe2 27. Re1
Qe7 28. Rxe2 Kxh7 29. Re5 Qb4 30. Qc5 Qxc5 31. Rxc5 Rd8 32. Rc7 Rd1+ 33. Kg2 Kg6
34. Rxa7 Nc2 35. h4 Rb1 36. Kf3 Rb2 37. g4 Nb4 38. h5+ Kf6 39. Nc5 Rxa2 40. Ne4+
Ke5 41. Rxa2 Nxa2 42. Ke3 Nb4 43. f4+ Kd5 44. Nf6+ Kd6 45. Ne8+ Ke7 46. Nxg7
Nd5+ 47. Kf3 Kf8 48. h6 Kg8 49. g5 Kh7 50. Ke4 Kg6 51. Ne8 Ne7 52. Ke5 Ng8 53.
Kd6 Kh7 54. Nf6+ 1-0

[Event "Tbilisi WGP 2024"]
[Site "Tbilisi GEO"]
[Date "2024.08.22"]
[Round "7.2"]
[White "Tsolakidou, Stavroula"]
[Black "Dzagnidze, Nana"]
[Result "1/2-1/2"]
[WhiteTitle "IM"]
[BlackTitle "GM"]
[WhiteElo "2429"]
[BlackElo "2506"]
[WhiteFideId "4264312"]
[BlackFideId "13601903"]
[EventDate "2024.08.15"]

1. e4 c6 2. d4 d5 3. e5 c5 4. dxc5 e6 5. c3 Nc6 6. Nf3 Bxc5 7. b4 Bb6 8. b5 Na5
9. Bd3 h6 10. O-O Bd7 11. Qa4 Rc8 12. Qg4 g6 13. Nd4 Ne7 14. Re1 Kf8 15. Qh4 Nf5
16. Nxf5 exf5 17. Bxh6+ Kg8 18. Qf4 Rxh6 19. Qxh6 Be6 20. Nd2 Rxc3 21. Be2 Qf8
22. Qh4 d4 23. Nf3 d3 24. Ng5 Qg7 25. Nxe6 fxe6 26. Qg3 Nc4 27. Rad1 dxe2 28.
Qxc3 exd1=Q 29. Rxd1 Nxe5 30. Qc8+ Kf7 31. Qxb7+ Kf6 32. Qxg7+ Kxg7 33. h3 Kf6
34. Kf1 f4 35. Ke2 g5 36. a4 Kf5 37. Ra1 Nc4 38. Rc1 Nb2 39. Ra1 Nc4 40. Rc1 Na5
41. Rc8 Nb3 42. Rf8+ Ke4 43. Rg8 Kf5 44. Rf8+ Kg6 45. Rg8+ Kf6 46. Rf8+ Kg7 47.
Rc8 Kf6 48. Rf8+ Ke5 49. Rg8 Kf5 50. Rf8+ Ke4 51. Rg8 1/2-1/2

[Event "Tbilisi WGP 2024"]
[Site "Tbilisi GEO"]
[Date "2024.08.22"]
[Round "7.3"]
[White "Vaishali, Rameshbabu"]
[Black "Muzychuk, Anna"]
[Result "1/2-1/2"]
[WhiteTitle "GM"]
[BlackTitle "GM"]
[WhiteElo "2506"]
[BlackElo "2525"]
[WhiteFideId "5091756"]
[BlackFideId "14111330"]
[EventDate "2024.08.15"]

1. e4 e5 2. Nf3 Nc6 3. Bc4 Nf6 4. d3 Be7 5. O-O O-O 6. Nc3 d6 7. a3 Be6 8. Nd5
a5 9. Re1 h6 10. h3 Re8 11. Nxf6+ Bxf6 12. Bxe6 Rxe6 13. c4 Kh7 14. b3 g6 15.
Qd2 Bg7 16. Bb2 Qd7 17. b4 Ree8 18. Bc3 axb4 19. axb4 Rxa1 20. Rxa1 f5 21. b5
Nd8 22. exf5 Qxf5 23. Ra7 Re7 24. Qe3 b6 25. Nd2 Ne6 26. Ne4 Nf4 27. Bb4 Rd7 28.
Nc3 c5 29. Rxd7 Qxd7 30. Ba3 d5 31. cxd5 Nxd5 32. Nxd5 Qxd5 33. Bb2 Qb3 34. Bxe5
Qxb5 35. Bxg7 Kxg7 36. Qe7+ Kg8 37. Qe6+ Kg7 38. Qe7+ Kg8 39. Qe6+ Kg7 40. Qe7+
Kg8 1/2-1/2

[Event "Tbilisi WGP 2024"]
[Site "Tbilisi GEO"]
[Date "2024.08.22"]
[Round "7.4"]
[White "Khademalsharieh, Sarasadat"]
[Black "Kashlinskaya, Alina"]
[Result "1/2-1/2"]
[WhiteTitle "IM"]
[BlackTitle "IM"]
[WhiteElo "2489"]
[BlackElo "2474"]
[WhiteFideId "12512214"]
[BlackFideId "4198026"]
[EventDate "2024.08.15"]

1. d4 Nf6 2. c4 c5 3. d5 b5 4. cxb5 a6 5. e3 g6 6. Nc3 Bg7 7. bxa6 O-O 8. Nf3 d6
9. h3 Qa5 10. a7 Nbd7 11. Bd2 Qxa7 12. Be2 Ba6 13. O-O Qb7 14. Bxa6 Rxa6 15. e4
Qxb2 16. Qe2 Qb7 17. e5 dxe5 18. Rab1 Rb6 19. Rxb6 Nxb6 20. Rb1 Qc7 21. a4 Nfxd5
22. Qe4 Nxc3 23. Bxc3 Qd6 24. a5 Nd5 25. Bxe5 Bxe5 26. Qxe5 Ra8 27. Rd1 Qxe5 28.
Nxe5 Nb4 29. Nc4 Nc6 30. Rb1 Nb4 31. Rd1 Kg7 32. h4 Kf6 33. g3 Ra7 34. Kg2 Ke6
35. Rd8 Nc6 36. Rc8 Ra6 37. Rc7 Kd5 38. Nb6+ Kd6 39. Rd7+ Ke6 40. Rc7 Nxa5 41.
Rxc5 Rxb6 42. Rxa5 f5 43. Ra8 Kf6 44. Rh8 Kg7 45. Re8 Rb7 46. Kf3 Ra7 47. Kg2
Kh6 48. Kf3 Kh5 49. Kf4 Ra4+ 50. Kf3 Re4 51. Rh8 Kh6 52. Rg8 e5 53. Re8 Re1 54.
Re7 e4+ 55. Kg2 Re2 56. g4 fxg4 57. Kg3 Re1 58. Kxg4 Rf1 1/2-1/2

[Event "Tbilisi WGP 2024"]
[Site "Tbilisi GEO"]
[Date "2024.08.22"]
[Round "7.5"]
[White "Javakhishvili, Lela"]
[Black "Muzychuk, Mariya"]
[Result "1/2-1/2"]
[WhiteTitle "IM"]
[BlackTitle "GM"]
[WhiteElo "2451"]
[BlackElo "2508"]
[WhiteFideId "13601458"]
[BlackFideId "14114550"]
[EventDate "2024.08.15"]

1. c4 e5 2. Nc3 Nf6 3. g3 Bb4 4. Bg2 O-O 5. e4 Bxc3 6. bxc3 c6 7. Qb3 Na6 8. Ba3
d6 9. Ne2 Nc5 10. Qc2 Re8 11. O-O b6 12. Rad1 Ba6 13. Rfe1 d5 14. exd5 cxd5 15.
Bxc5 bxc5 16. cxd5 Nxd5 17. Qa4 Bb7 18. Qb5 Qc7 19. d4 e4 20. dxc5 Rac8 21. c4
Nf6 22. Nd4 Re5 23. Nb3 h5 24. Rd6 Qe7 25. Red1 Rc7 26. Qb4 e3 27. f4 e2 28.
fxe5 exd1=Q+ 29. Rxd1 Bxg2 30. Kxg2 Qxe5 31. Qe1 Qf5 32. Rd4 Rc8 33. Qf2 Qb1 34.
Qd2 Ne4 35. Qe2 Nxc5 36. Nxc5 Rxc5 37. Qe8+ Kh7 38. Qe4+ Qxe4+ 39. Rxe4 Ra5 40.
Re2 Rc5 41. Rc2 Kg6 42. Kf3 Kf5 43. Ke3 Ke5 44. Kd3 Kd6 45. Rb2 Ra5 46. Kc3 g5
47. Rd2+ Kc6 48. Rf2 f5 49. Kd4 Kd6 50. Rc2 Ra4 51. Rb2 Ra5 52. Rc2 Ra4 53. Rf2
Ra5 54. Re2 Ra3 55. Rf2 1/2-1/2

[Event "Tbilisi WGP 2024"]
[Site "Tbilisi GEO"]
[Date "2024.08.23"]
[Round "8.1"]
[White "Kosteniuk, Alexandra"]
[Black "Muzychuk, Mariya"]
[Result "1/2-1/2"]
[WhiteTitle "GM"]
[BlackTitle "GM"]
[WhiteElo "2488"]
[BlackElo "2508"]
[WhiteFideId "4128125"]
[BlackFideId "14114550"]
[EventDate "2024.08.15"]

1. e4 e5 2. Nf3 Nc6 3. d4 exd4 4. Nxd4 Nf6 5. Nxc6 bxc6 6. e5 Qe7 7. Qe2 Nd5 8.
g3 Qe6 9. Nd2 Nb4 10. Nf3 Ba6 11. c4 d5 12. a3 Bxc4 13. Qd1 Bxf1 14. Kxf1 Na6
15. Kg2 Be7 16. Nd4 Qd7 17. Qe2 Nc5 18. Qc2 a5 19. Be3 Ra6 20. Qe2 O-O 21. Rac1
Rfa8 22. Qc2 a4 23. h4 Rb8 24. h5 h6 25. Rhd1 Bf8 26. Qe2 Rab6 27. Rc2 Nb3 28.
Nxb3 Rxb3 29. Bd4 c5 30. Bxc5 Bxc5 31. Rxc5 Rxb2 32. Rd2 Rxd2 33. Qxd2 Rb5 34.
Rc4 Rb1 35. Rd4 Qb5 36. Qd3 Qxd3 37. Rxd3 Rb5 38. Rd4 Ra5 39. f4 f6 40. exf6
gxf6 41. g4 Kf7 42. Kf3 c6 43. g5 fxg5 44. fxg5 hxg5 45. Kg4 Kf6 46. Rd1 Ra7 47.
Rf1+ Kg7 48. Kxg5 d4 49. h6+ Kh7 50. Rf6 c5 51. Rd6 Re7 52. Rd5 Rc7 53. Rd8 c4
54. Rxd4 c3 55. Rd1 Rb7 56. Rc1 Rb3 57. Kf4 Rxa3 58. Ke4 Rb3 59. Kd4 a3 60. Kc4
Rb7 61. Kxc3 a2 62. Ra1 Ra7 63. Kb2 Kxh6 64. Rxa2 Rxa2+ 1/2-1/2

[Event "Tbilisi WGP 2024"]
[Site "Tbilisi GEO"]
[Date "2024.08.23"]
[Round "8.3"]
[White "Muzychuk, Anna"]
[Black "Khademalsharieh, Sarasadat"]
[Result "1-0"]
[WhiteTitle "GM"]
[BlackTitle "IM"]
[WhiteElo "2525"]
[BlackElo "2489"]
[WhiteFideId "14111330"]
[BlackFideId "12512214"]
[EventDate "2024.08.15"]

1. e4 e5 2. Nf3 Nc6 3. Bc4 Nf6 4. d3 Bc5 5. c3 d6 6. O-O a5 7. Re1 O-O 8. h3 Ba7
9. Nbd2 Ne7 10. Nf1 Ng6 11. Ng3 c6 12. Bb3 Be6 13. Bxe6 fxe6 14. d4 Qc7 15. Be3
h6 16. Qb3 Rfe8 17. dxe5 dxe5 18. Rad1 Bxe3 19. Rxe3 Nf4 20. Ne2 a4 21. Qc2 N6h5
22. Nxf4 Nxf4 23. Kh2 Rf8 24. g3 Ng6 25. Kg2 Rf7 26. Rd2 Nf8 27. Qd3 Rd7 28. Qc4
Rxd2 29. Nxd2 Qb6 30. b4 axb3 31. axb3 Ra2 32. Rd3 Qa5 33. b4 Qa8 34. Rd6 Rc2
35. Qd3 Qa2 36. Rd8 Kh7 37. h4 Qb2 38. h5 1-0

[Event "Tbilisi WGP 2024"]
[Site "Tbilisi GEO"]
[Date "2024.08.23"]
[Round "8.4"]
[White "Dzagnidze, Nana"]
[Black "Vaishali, Rameshbabu"]
[Result "0-1"]
[WhiteTitle "GM"]
[BlackTitle "GM"]
[WhiteElo "2506"]
[BlackElo "2506"]
[WhiteFideId "13601903"]
[BlackFideId "5091756"]
[EventDate "2024.08.15"]

1. d4 Nf6 2. c4 g6 3. Nc3 Bg7 4. e4 d6 5. h3 O-O 6. Be3 Nbd7 7. Be2 e5 8. d5 Nc5
9. Qc2 a5 10. g4 Ne8 11. O-O-O f5 12. exf5 gxf5 13. Nf3 e4 14. Nd2 Na6 15. gxf5
Nb4 16. Qb3 Nd3+ 17. Bxd3 exd3 18. Rdg1 Kh8 19. Nce4 Bxf5 20. Qxd3 Qh4 21. f3 h6
22. Rg2 Rd8 23. Bd4 Rd7 24. Rhg1 Rff7 25. Rg3 b6 26. Qc3 Kh7 27. Bxg7 Rxg7 28.
Kd1 Rxg3 29. Rxg3 Rg7 30. Rxg7+ Nxg7 31. Nf6+ Kg6 32. Ng4 h5 33. Ne3 Qxh3 34.
Qd4 h4 35. Ng4 Qh1+ 36. Ke2 Nh5 37. Kf2 h3 38. Qh8 Qg2+ 39. Ke1 Qg3+ 40. Nf2 h2
41. Qe8+ Kh6 42. Qf8+ Ng7 43. Qf6+ Kh7 44. Ke2 Qxf2+ 45. Kxf2 h1=Q 46. Qe7 Qc1
47. Ke2 Qxb2 48. Qxc7 Qe5+ 49. Kd1 Bd3 50. Ne4 Bxe4 51. fxe4 Qd4+ 52. Kc1 Qa1+
53. Kc2 Qxa2+ 54. Kc3 Qa3+ 55. Kd2 Qc5 56. Qe7 Qd4+ 57. Ke1 Qe5 58. Qh4+ Nh5 59.
Kd1 Kg6 60. Qg4+ Kh6 61. Qc8 Nf6 62. Qd8 Nxe4 63. Qxb6 Qc3 64. Ke2 Qxc4+ 65. Kf3
Qxd5 0-1

[Event "Tbilisi WGP 2024"]
[Site "Tbilisi GEO"]
[Date "2024.08.23"]
[Round "8.5"]
[White "Assaubayeva, Bibisara"]
[Black "Tsolakidou, Stavroula"]
[Result "1/2-1/2"]
[WhiteTitle "IM"]
[BlackTitle "IM"]
[WhiteElo "2470"]
[BlackElo "2429"]
[WhiteFideId "13708694"]
[BlackFideId "4264312"]
[EventDate "2024.08.15"]

1. Nf3 Nf6 2. g3 g6 3. Bg2 Bg7 4. O-O O-O 5. c4 d6 6. Nc3 Nc6 7. Rb1 e5 8. d3 h6
9. b4 Be6 10. b5 Ne7 11. Nd2 Qc8 12. Re1 Nh7 13. Ba3 Rd8 14. Qc2 Ng5 15. Rec1
Bh3 16. Bh1 Bg4 17. Nf1 Nh3+ 18. Kg2 Nf5 19. f3 Nd4 20. Qd1 Be6 21. Nd5 Kh8 22.
Bb2 c6 23. bxc6 bxc6 24. Nc3 h5 25. Ne4 f5 26. Nxd6 Rxd6 27. Kxh3 f4+ 28. Kg2 e4
29. dxe4 Bh3+ 30. Kf2 Qe6 31. Qe1 fxg3+ 32. hxg3 Rf8 33. Kg1 h4 34. Bg2 hxg3 35.
Nxg3 Be5 36. Kh2 Rd7 37. Bxd4 Bxd4 38. Bxh3 Rh7 39. Qf1 Be5 40. Rd1 g5 41. Kg1
Rxh3 42. Nf5 Rh2 43. Rb7 Qg6 44. f4 Qh5 45. fxe5 Rh1+ 46. Kf2 Rxf1+ 47. Rxf1
Qh2+ 48. Ke1 g4 49. e6 g3 50. e7 Re8 51. Ne3 Qh6 52. Rf3 Qg7 53. Rxa7 g2 54.
Nxg2 Qxg2 55. Rf8+ Kg7 56. Rxe8 Qg1+ 57. Kd2 Qd4+ 58. Ke1 Qg1+ 1/2-1/2

[Event "Tbilisi WGP 2024"]
[Site "Tbilisi GEO"]
[Date "2024.08.24"]
[Round "9.1"]
[White "Tsolakidou, Stavroula"]
[Black "Kosteniuk, Alexandra"]
[Result "1/2-1/2"]
[WhiteTitle "IM"]
[BlackTitle "GM"]
[WhiteElo "2429"]
[BlackElo "2488"]
[WhiteFideId "4264312"]
[BlackFideId "4128125"]
[EventDate "2024.08.15"]

1. c4 e5 2. g3 Nf6 3. Bg2 d5 4. cxd5 Nxd5 5. Nf3 Nc6 6. O-O Nb6 7. b3 Be7 8. Bb2
f6 9. Na3 Bg4 10. Nc2 Qd7 11. d4 exd4 12. Nfxd4 Nxd4 13. Nxd4 c5 14. Nf3 Qe6 15.
Re1 Bh3 16. Bxh3 Qxh3 17. e4 O-O 18. Nh4 g6 19. Ng2 Rad8 20. Qf3 Bd6 21. Nf4 Qd7
22. Rad1 Qf7 23. Qe3 Rfe8 24. Rd2 Rd7 25. Red1 Bb8 26. f3 Rxd2 27. Rxd2 c4 28.
Kf2 Be5 29. Bxe5 Rxe5 30. Qc3 cxb3 31. axb3 Rb5 32. Rd3 Qe7 33. Nd5 Nxd5 34.
Rxd5 Rxd5 35. exd5 Kf7 36. Qc8 a6 37. g4 Kg7 38. h4 h5 39. gxh5 gxh5 40. Qf5
Qc5+ 41. Kg2 Qb5 42. Qe6 Qxb3 43. Qe7+ Kg6 44. Qe8+ Kg7 45. d6 Qc2+ 46. Kg3 Qd1
47. Qe7+ Kg6 48. d7 Qg1+ 49. Kf4 Qc1+ 1/2-1/2

[Event "Tbilisi WGP 2024"]
[Site "Tbilisi GEO"]
[Date "2024.08.24"]
[Round "9.2"]
[White "Vaishali, Rameshbabu"]
[Black "Assaubayeva, Bibisara"]
[Result "1/2-1/2"]
[WhiteTitle "GM"]
[BlackTitle "IM"]
[WhiteElo "2506"]
[BlackElo "2470"]
[WhiteFideId "5091756"]
[BlackFideId "13708694"]
[EventDate "2024.08.15"]

1. e4 c5 2. Nf3 d6 3. d4 cxd4 4. Nxd4 Nf6 5. Nc3 a6 6. h3 e5 7. Nb3 Be6 8. f4
Nbd7 9. Be2 Rc8 10. O-O Be7 11. f5 Bc4 12. Be3 O-O 13. Nd2 Bxe2 14. Qxe2 b5 15.
a3 Nb6 16. Rfd1 h6 17. Bf2 Qc7 18. Bh4 Nh7 19. Bf2 Nf6 20. Bh4 Nh7 21. Bf2 Nf6
22. Bh4 1/2-1/2

[Event "Tbilisi WGP 2024"]
[Site "Tbilisi GEO"]
[Date "2024.08.24"]
[Round "9.3"]
[White "Khademalsharieh, Sarasadat"]
[Black "Dzagnidze, Nana"]
[Result "0-1"]
[WhiteTitle "IM"]
[BlackTitle "GM"]
[WhiteElo "2489"]
[BlackElo "2506"]
[WhiteFideId "12512214"]
[BlackFideId "13601903"]
[EventDate "2024.08.15"]

1. d4 Nf6 2. c4 e6 3. Nc3 Bb4 4. e3 O-O 5. Bd3 d5 6. a3 dxc4 7. Bxc4 Bxc3+ 8.
bxc3 c5 9. Bd3 Qc7 10. Bb2 b6 11. Qe2 e5 12. dxe5 Qxe5 13. c4 Qe7 14. Qf3 Bb7
15. Qg3 Nbd7 16. Bf5 Rad8 17. Nf3 Be4 18. Bxd7 Rxd7 19. Ne5 Rd6 20. O-O Rfd8 21.
f3 Bc2 22. e4 Ba4 23. Bc3 Re6 24. Ng4 Nxg4 25. Qxg4 f6 26. Rac1 Rd3 27. Rfe1 Qd7
28. f4 Rxe4 29. Qxd7 Rxe1+ 30. Bxe1 Bxd7 31. Bc3 Be6 32. a4 Bxc4 33. Bxf6 gxf6
34. Rxc4 f5 35. Kf2 Kf7 36. a5 Rd4 37. Rc2 Rxf4+ 38. Ke3 Re4+ 39. Kd3 Rd4+ 40.
Ke3 Ke6 41. axb6 axb6 42. Rb2 Rd6 43. Ra2 c4 44. Ra7 h6 45. Rc7 b5 46. Rc5 Rd3+
47. Kf4 Rd5 48. Rc6+ 0-1

[Event "Tbilisi WGP 2024"]
[Site "Tbilisi GEO"]
[Date "2024.08.24"]
[Round "9.4"]
[White "Javakhishvili, Lela"]
[Black "Muzychuk, Anna"]
[Result "1/2-1/2"]
[WhiteTitle "IM"]
[BlackTitle "GM"]
[WhiteElo "2451"]
[BlackElo "2525"]
[WhiteFideId "13601458"]
[BlackFideId "14111330"]
[EventDate "2024.08.15"]

1. d4 Nf6 2. c4 e6 3. Nf3 d5 4. g3 c5 5. cxd5 cxd4 6. Bg2 Nxd5 7. Nxd4 Be7 8.
O-O O-O 9. Qb3 Nc6 10. Nxc6 bxc6 11. e4 Nf6 12. Nc3 Qc7 13. h3 Rb8 14. Qc2 Bc5
15. Ne2 Bb6 16. Bf4 e5 17. Bg5 Nd7 18. Be7 Re8 19. Ba3 Ba6 20. Rfd1 Rbd8 21. Bf3
Nf8 22. Bxf8 Kxf8 23. Kg2 g6 24. Nc3 Bd4 25. Be2 Bxc3 26. bxc3 Qa5 27. Bxa6 Qxa6
28. Rxd8 Rxd8 29. Rd1 Rxd1 30. Qxd1 Ke7 31. Qb3 h5 32. h4 Kf6 33. a4 Qd3 34. Qb4
a6 35. Kg1 Qd1+ 36. Kg2 Qd3 37. Kg1 Qd1+ 38. Kg2 Qd3 39. Kg1 Qd1+ 40. Kg2 Qd3 1/2-1/2